000 00323nam a22001457a 4500
008 210311b ||||| |||| 00| 0 eng d
020 _a9780673980069
041 _aeng
080 _22nd
_a82
082 _22nd
_a82
100 _a21
101 _aGJL
245 _aCrossfire and Argument
_c Goshgarian,G
942 _2udc
_cBK
999 _c56350
_d56350